Top 10 Slavic Countries - Statistics

General Stats
  • This quiz has been taken 194 times
  • The average score is 8 of 10
Answer Stats
Country % Correct
Serbia
91%
Slovakia
91%
Russia
90%
Ukraine
90%
Croatia
86%
Poland
84%
Czech Republic
81%
Belarus
80%
Bulgaria
78%
Bosnia and Herzegovina
76%
No matching quizzes found
Score Distribution
Percent of People with Each Score
Percentile by Number Answered
Your Score History
You have not taken this quiz